|
|
|
|
| LEADER |
01040nam a2200277 a 4500 |
| 001 |
15816404 |
| 008 |
120523s2010 cau b 001 0 eng |
| 010 |
|
|
|a 2009932565
|
| 020 |
|
|
|a 9781412928526
|
| 020 |
|
|
|a 9781412928533 (pbk.)
|
| 040 |
|
|
|a DLC
|c DLC
|d DLC
|d BD-DhAAL
|
| 050 |
0 |
0 |
|a JZ1318
|b .T83 2010
|
| 082 |
0 |
0 |
|a 303.48/2
|2 22
|
| 100 |
1 |
|
|a Turner, Bryan S.
|
| 245 |
1 |
0 |
|a Globalization :
|b East and West /
|c Bryan S. Turner, Habibul Haque Khondker.
|
| 260 |
|
|
|a Thousand Oaks, CA :
|b SAGE,
|c 2010.
|
| 300 |
|
|
|a xii, 239 p. ;
|c 24 cm.
|
| 504 |
|
|
|a Includes bibliographical references (p. [219]-229) and index.
|
| 541 |
|
|
|e 00025266
|
| 650 |
|
0 |
|a Globalization.
|
| 650 |
|
0 |
|a Comparative government.
|
| 650 |
|
0 |
|a East and West.
|
| 700 |
1 |
|
|a Khondker, Habibul Haque.
|
| 852 |
1 |
|
|a Ayesha Abed Library
|c General shelf.
|
| 999 |
|
|
|c 12211
|d 12211
|
| 952 |
|
|
|0 0
|1 0
|2 ddc
|4 0
|6 303_482000000000000_TUR
|7 0
|9 20287
|a BRACUL
|b BRACUL
|c GEN
|d 2012-05-24
|e karim International
|g 2442.00
|l 2
|m 4
|o 303.482 TUR
|p 3010025266
|r 2023-09-19
|s 2023-09-10
|t 1
|w 2012-05-24
|y BK
|